[Event "ChessOrg Schachfestival 2025"]
[Site "Bad Woerishofen Senioren-Open"]
[Date "2025.03.21"]
[Round "1.53"]
[White "Titz, Waldemar"]
[Black "Wild, Helmut"]
[Result "0-1"]
[Annotator "wempe"]
[WhiteElo "1769"]
[BlackElo "1980"]
[PlyCount "58"]
[GameId "2237635565944996"]
[EventDate "2025.03.21"]

1. e4 c6 2. c4 d5 3. exd5 cxd5 4. cxd5 Nf6 5. Nc3 a6 6. Nf3 Nxd5 7. h3 Nc6 8. Bc4 Nf6 9. O-O e6 10. d4 b5 11. Bb3 Na5 12. Bc2 Bb7 13. Be3 Be7 14. Re1 O-O 15. Qd2 Rc8 16. a3 h6 17. Rac1 Nc4 18. Rb1 Nxa3 19. Rbc1 Nxc2 20. Rxc2 Qa5 21. Rcc1 b4 22. Ra1 Qf5 23. Na4 Rc2 24. Qd1 Nd5 25. Re2 Rfc8 26. Ne1 Nxe3 27. Rxe3 Qxf2+ 28. Kh1 Rd2 29. Qg4 Qxe3 0-1

[Event "ChessOrg Schachfestival 2025"]
[Site "Bad Woerishofen Senioren-Open"]
[Date "2025.03.21"]
[Round "1.54"]
[White "Stern, Geoffrey"]
[Black "Gottwald, Helmut"]
[Result "1-0"]
[Annotator "wempe"]
[WhiteElo "1979"]
[BlackElo "1763"]
[PlyCount "85"]
[GameId "2237644171594059"]
[EventDate "2025.03.21"]

1. d4 Nf6 2. Nc3 e6 3. Bf4 a6 4. e3 d5 5. Bd3 Bd6 6. Nf3 Bxf4 7. exf4 b6 8. Ne2 Bb7 9. c3 Nbd7 10. Qd2 Qe7 11. Ne5 O-O 12. f3 c5 13. g4 g6 14. g5 Nh5 15. Ng3 Nxg3 16. hxg3 f5 17. gxf6 Nxf6 18. O-O-O cxd4 19. cxd4 Rac8+ 20. Kb1 Nd7 21. Bxg6 hxg6 22. Nxg6 Qg7 23. Nxf8 Rxf8 24. Qd3 Rf6 25. Rh4 Qe7 26. Rdh1 Nf8 27. Rh8+ Kf7 28. R8h7+ Nxh7 29. Rxh7+ Ke8 30. Rxe7+ Kxe7 31. Kc2 b5 32. Kd2 Rf7 33. b4 Kd8 34. Qg6 Ke7 35. Qg5+ Kd7 36. g4 Bc8 37. Ke3 Ke8 38. Qg8+ Rf8 39. Qg6+ Ke7 40. g5 Kd7 41. Qg7+ Ke8 42. g6 Bd7 43. Qh7 1-0

[Event "ChessOrg Schachfestival 2025"]
[Site "Bad Woerishofen Senioren-Open"]
[Date "2025.03.21"]
[Round "1.55"]
[White "Mattavelli, Italo"]
[Black "Ramin, Michael"]
[Result "1/2-1/2"]
[Annotator "wempe"]
[WhiteElo "1748"]
[BlackElo "1971"]
[PlyCount "31"]
[GameId "2237650698711433"]
[EventDate "2025.03.21"]

1. e4 e5 2. Nf3 Nf6 3. Nxe5 d6 4. Nf3 Nxe4 5. d4 d5 6. Bd3 Bg4 7. h3 Bh5 8. c3 c6 9. Bf4 Bd6 10. Bxd6 Qxd6 11. Qe2 Qe6 12. g4 Bg6 13. Nbd2 Nxd2 14. Qxe6+ fxe6 15. Bxg6+ hxg6 16. Kxd2 1/2-1/2

[Event "ChessOrg Schachfestival 2025"]
[Site "Bad Woerishofen Senioren-Open"]
[Date "2025.03.21"]
[Round "1.56"]
[White "McAndrew, Robert"]
[Black "Wagner, Gerhard"]
[Result "1-0"]
[Annotator "wempe"]
[WhiteElo "1970"]
[BlackElo "1747"]
[PlyCount "68"]
[GameId "2237651078365767"]
[EventDate "2025.03.21"]

1. c4 e5 2. g3 Nc6 3. Bg2 Bc5 4. Nc3 Nf6 5. d3 d6 6. Nf3 h6 7. a3 a6 8. O-O Be6 9. e3 O-O 10. d4 exd4 11. exd4 Ba7 12. d5 Bg4 13. dxc6 bxc6 14. Be3 Bxe3 15. fxe3 Qd7 16. Qd2 Rfe8 17. e4 Rad8 18. Rac1 Qc8 19. Nd4 Qb7 20. Qf2 Bd7 21. h3 Re7 22. b4 Rde8 23. Nf5 Re5 24. Nxg7 Rg5 25. Nxe8 Bxe8 26. Qxf6 Rxg3 27. Kh2 Rg6 28. Qf3 Qc8 29. e5 Qe6 30. exd6 Qxd6+ 31. Qf4 Qd7 32. Ne4 Kg7 33. Nf6 Rxf6 34. Qxf6+ Kg8 1-0

[Event "ChessOrg Schachfestival 2025"]
[Site "Bad Woerishofen Senioren-Open"]
[Date "2025.03.21"]
[Round "1.57"]
[White "Mantey, Jean-Pierre"]
[Black "Nordby, Bernt"]
[Result "1/2-1/2"]
[Annotator "wempe"]
[WhiteElo "1744"]
[BlackElo "1965"]
[PlyCount "38"]
[GameId "2237913367339044"]
[EventDate "2025.03.21"]

1. c4 Nf6 2. Nf3 g6 3. g3 Bg7 4. Bg2 O-O 5. O-O d6 6. Nc3 Nc6 7. Rb1 e5 8. b4 Bf5 9. d3 Qd7 10. e4 Bg4 11. Qd2 h6 12. b5 Nd8 13. Nd5 Ne8 14. Nh4 c6 15. Ne3 Bh3 16. f4 Bxg2 17. Nexg2 Kh7 18. f5 g5 19. Nf3 Nf6 1/2-1/2

[Event "ChessOrg Schachfestival 2025"]
[Site "Bad Woerishofen Senioren-Open"]
[Date "2025.03.21"]
[Round "1.61"]
[White "Hoerhold, Karola"]
[Black "Doeserich, Juergen"]
[Result "1/2-1/2"]
[Annotator "wempe"]
[WhiteElo "1719"]
[BlackElo "1951"]
[PlyCount "68"]
[GameId "2237914577305682"]
[EventDate "2025.03.21"]

1. e4 c5 2. Nc3 Nc6 3. Bb5 Nd4 4. Nf3 a6 5. Bd3 d6 6. h3 g6 7. O-O Bg7 8. Re1 e5 9. Nxd4 cxd4 10. Nd5 Ne7 11. c4 Nxd5 12. cxd5 O-O 13. a4 b6 14. Bf1 f5 15. d3 Ra7 16. Bd2 Raf7 17. f3 g5 18. Rc1 g4 19. Rc2 Bd7 20. b3 Qh4 21. exf5 gxf3 22. Re4 f2+ 23. Kh1 Qd8 24. g4 Qa8 25. Qc1 Qxd5 26. Bh6 Qa8 27. Qg5 Kh8 28. Bxg7+ Rxg7 29. Qc1 Rc8 30. Rxc8+ Bxc8 31. Kh2 Bb7 32. Re2 Qd8 33. Rxf2 Rc7 34. Qh6 Bd5 1/2-1/2

[Event "ChessOrg Schachfestival 2025"]
[Site "Bad Woerishofen Senioren-Open"]
[Date "2025.03.21"]
[Round "1.64"]
[White "Schinnerl, Werner"]
[Black "Koppenhoefer, Heinz"]
[Result "1-0"]
[Annotator "wempe"]
[WhiteElo "1939"]
[BlackElo "1711"]
[PlyCount "57"]
[GameId "2237914952376422"]
[EventDate "2025.03.21"]

1. e4 e5 2. Bc4 Nf6 3. d3 Nc6 4. Nf3 Bc5 5. c3 h6 6. b4 Bb6 7. b5 Na5 8. Nxe5 O-O 9. Bxf7+ Rxf7 10. Nxf7 Kxf7 11. O-O d6 12. Be3 Bg4 13. Qe1 Qd7 14. Bxb6 axb6 15. h3 Bh5 16. a4 Re8 17. f4 Kg8 18. Nd2 d5 19. e5 Bf7 20. f5 Qd8 21. Nf3 Kh8 22. Qh4 Nh7 23. e6 Bg8 24. Ne5 Ng5 25. Rae1 Qf6 26. Qh5 Rc8 27. h4 Ne4 28. Ng6+ Kh7 29. dxe4 1-0

[Event "ChessOrg Schachfestival 2025"]
[Site "Bad Woerishofen Senioren-Open"]
[Date "2025.03.21"]
[Round "1.67"]
[White "Mahrla, Hans"]
[Black "Bauer, Wolfgang"]
[Result "0-1"]
[Annotator "wempe"]
[WhiteElo "1698"]
[BlackElo "1931"]
[PlyCount "56"]
[GameId "2237916635541626"]
[EventDate "2025.03.21"]

1. e4 c5 2. f4 Nc6 3. c3 d5 4. e5 Qb6 5. Nf3 Nh6 6. d3 e6 7. b3 Be7 8. Be2 d4 9. c4 O-O 10. O-O f6 11. exf6 Bxf6 12. Ng5 e5 13. fxe5 Nxe5 14. Ne4 Nf5 15. Nxf6+ Rxf6 16. g4 Ne3 17. Bxe3 dxe3 18. Rxf6 Qxf6 19. Qf1 Qg6 20. h3 Bd7 21. Nc3 Rf8 22. Qg2 Bc6 23. Nd5 Qd6 24. Rf1 Rd8 25. Qe4 Bxd5 26. Qxd5+ Qxd5 27. cxd5 Rxd5 28. Rf5 g6 0-1

[Event "ChessOrg Schachfestival 2025"]
[Site "Bad Woerishofen Senioren-Open"]
[Date "2025.03.21"]
[Round "1.70"]
[White "Kierzek, Mira"]
[Black "Biffi, Roberto"]
[Result "1/2-1/2"]
[Annotator "wempe"]
[WhiteElo "1923"]
[BlackElo "1693"]
[PlyCount "52"]
[GameId "2237917384093838"]
[EventDate "2025.03.21"]

1. d4 g6 2. e4 Bg7 3. Nf3 d6 4. h3 Nf6 5. Bd3 Nbd7 6. Bf4 Nh5 7. Be3 e5 8. c3 Nf4 9. Bf1 O-O 10. Nbd2 a6 11. g3 Ne6 12. d5 Nec5 13. b4 Nxe4 14. Nxe4 h6 15. Qc2 f5 16. Ned2 Nf6 17. c4 f4 18. gxf4 Bf5 19. Bd3 e4 20. Nxe4 Nxe4 21. Bxe4 Bxa1 22. Bxf5 Rxf5 23. Nd4 Bxd4 24. Bxd4 Qe7+ 25. Kf1 Re8 26. Qd2 Qe4 1/2-1/2

[Event "ChessOrg Schachfestival 2025"]
[Site "Bad Woerishofen Senioren-Open"]
[Date "2025.03.21"]
[Round "1.77"]
[White "Degaudenz, Fabio"]
[Black "Svanholm, Borge Waaktaar"]
[Result "0-1"]
[Annotator "wempe"]
[WhiteElo "1659"]
[BlackElo "1910"]
[PlyCount "42"]
[GameId "2237918755590330"]
[EventDate "2025.03.21"]

1. c4 Nf6 2. Nc3 g6 3. g3 Bg7 4. Bg2 O-O 5. e4 d6 6. Nge2 e5 7. O-O Nc6 8. d3 Be6 9. Bg5 h6 10. Bxf6 Bxf6 11. Nd5 Bg7 12. h3 Ne7 13. Qb3 c6 14. Nxe7+ Qxe7 15. Qc2 Rac8 16. Nc3 f5 17. Qd2 f4 18. gxf4 exf4 19. Kh2 f3 20. Bh1 Be5+ 21. Kg1 Bf4 0-1

[Event "ChessOrg Schachfestival 2025"]
[Site "Bad Woerishofen Senioren-Open"]
[Date "2025.03.21"]
[Round "1.78"]
[White "Zwetz, Anita"]
[Black "Sombetzki, Detlef"]
[Result "1-0"]
[Annotator "wempe"]
[WhiteElo "1910"]
[BlackElo "1642"]
[PlyCount "47"]
[GameId "2237928219406533"]
[EventDate "2025.03.21"]

1. d4 d5 2. Nf3 Nf6 3. Bg5 e6 4. Nbd2 Be7 5. e3 Nbd7 6. c3 Ne4 7. Nxe4 dxe4 8. Bxe7 Qxe7 9. Nd2 Nf6 10. Qc2 c6 11. Nxe4 Nxe4 12. Qxe4 O-O 13. Bd3 f5 14. Qe5 Rf6 15. Bc4 Kh8 16. h4 b5 17. Bd3 Qd7 18. Rg1 Ba6 19. g4 Re8 20. g5 Rff8 21. a4 Qb7 22. axb5 cxb5 23. Qd6 Rf7 24. Qxa6 1-0

[Event "ChessOrg Schachfestival 2025"]
[Site "Bad Woerishofen Senioren-Open"]
[Date "2025.03.21"]
[Round "1.79"]
[White "Bjorklund, Tor Ivar"]
[Black "Speicher, Franz"]
[Result "0-1"]
[Annotator "wempe"]
[WhiteElo "1591"]
[BlackElo "1907"]
[PlyCount "68"]
[GameId "2237928962715856"]
[EventDate "2025.03.21"]

1. d4 d5 2. c4 dxc4 3. Nc3 a6 4. e4 b5 5. a3 Nf6 6. Nf3 Bb7 7. d5 e6 8. Bg5 Be7 9. Be2 exd5 10. e5 Ne4 11. Bxe7 Qxe7 12. O-O Nxc3 13. bxc3 Nd7 14. Re1 O-O 15. Bf1 Nc5 16. Nd4 Ne6 17. Re3 Nxd4 18. Qxd4 c5 19. Qf4 f6 20. Qh4 Rae8 21. Rae1 fxe5 22. Qh5 Qf7 23. Qh4 e4 24. Rd1 Qf4 25. Qxf4 Rxf4 26. g3 Rf3 27. Bg2 Rxe3 28. fxe3 Re5 29. Rb1 Bc6 30. Bh3 a5 31. Bc8 Re8 32. Bg4 Kf8 33. Bd1 Ke7 34. a4 b4 0-1

[Event "ChessOrg Schachfestival 2025"]
[Site "Bad Woerishofen Senioren-Open"]
[Date "2025.03.21"]
[Round "1.80"]
[White "Van Kesteren, Stef"]
[Black "Lie, Terje"]
[Result "1/2-1/2"]
[Annotator "wempe"]
[WhiteElo "1907"]
[BlackElo "1590"]
[PlyCount "122"]
[GameId "2237929404776667"]
[EventDate "2025.03.21"]

1. e4 c5 2. c3 d6 3. d4 cxd4 4. cxd4 Nf6 5. Nc3 g6 6. Nf3 Bg7 7. Bc4 O-O 8. h3 Nc6 9. O-O Nh5 10. Be3 Bd7 11. Re1 Na5 12. Bd3 Nf6 13. Rc1 Rc8 14. Qe2 a6 15. b4 Nc6 16. g3 b5 17. d5 Ne5 18. Nxe5 dxe5 19. Qf1 Ne8 20. Ne2 Nd6 21. Rc5 Nb7 22. Rxc8 Qxc8 23. Rc1 Qb8 24. Bc5 Nd6 25. Rc2 Rc8 26. Qc1 Bf8 27. f4 f6 28. fxe5 fxe5 29. Qg5 Nf7 30. Qe3 Nd6 31. Nc1 Bg7 32. Nb3 Bf6 33. Na5 Qa8 34. Qc1 Nb7 35. Nb3 Nd6 36. Be3 Rxc2 37. Qxc2 Qc8 38. Nc5 Be8 39. Qe2 Bf7 40. Qf1 Qc7 41. Qc1 Qc8 42. Qf1 Kg7 43. a4 Be8 44. axb5 axb5 45. Qc1 Kg8 46. Bg5 Nf7 47. Bd2 Nd6 48. Bg5 Nf7 49. Bxf6 exf6 50. Qd2 Nd6 51. Qa2 Nc4 52. Qf2 Bf7 53. Qxf6 Qe8 54. d6 Nb6 55. Be2 Nd7 56. Qf3 Bc4 57. Qf1 Nb6 58. Bxc4+ bxc4 59. Qd1 Nd7 60. Nxd7 Qxd7 61. Qd5+ Kf8 1/2-1/2

[Event "ChessOrg Schachfestival 2025"]
[Site "Bad Woerishofen Senioren-Open"]
[Date "2025.03.21"]
[Round "1.81"]
[White "Neumann, Bernd"]
[Black "Bertz, Uwe"]
[Result "0-1"]
[Annotator "wempe"]
[WhiteElo "1572"]
[BlackElo "1902"]
[PlyCount "42"]
[GameId "2237931096334566"]
[EventDate "2025.03.21"]

1. e4 e6 2. d4 d5 3. Nd2 Nf6 4. e5 Nfd7 5. Ngf3 c5 6. c3 Nc6 7. Bb5 Qb6 8. Ba4 cxd4 9. Bxc6 bxc6 10. cxd4 Ba6 11. Qb3 c5 12. Qxb6 axb6 13. dxc5 Nxc5 14. Nb3 Nd3+ 15. Kd1 Nxf2+ 16. Ke1 Nxh1 17. Be3 Bc4 18. Rc1 Rxa2 19. Bxb6 Rxb2 20. Nfd2 Bb4 21. Ra1 O-O 0-1

[Event "ChessOrg Schachfestival 2025"]
[Site "Bad Woerishofen Senioren-Open"]
[Date "2025.03.22"]
[Round "2.1"]
[White "Pirrot, Dieter"]
[Black "Roettinger, Eugen"]
[Result "1-0"]
[Annotator "wempe"]
[WhiteElo "2311"]
[BlackElo "1995"]
[PlyCount "81"]
[GameId "2237931657654513"]
[EventDate "2025.03.21"]

1. e4 c5 2. c3 e5 3. Nf3 Nc6 4. Bc4 Be7 5. d4 cxd4 6. cxd4 exd4 7. O-O d6 8. Nxd4 Nf6 9. Nc3 O-O 10. Re1 Nxd4 11. Qxd4 Be6 12. Bg5 Bxc4 13. Qxc4 Qa5 14. Qb5 Qxb5 15. Nxb5 h6 16. Bh4 a6 17. Nc3 Rac8 18. Rad1 Rfd8 19. Rd4 Kf8 20. Red1 Ne8 21. Bxe7+ Kxe7 22. Nd5+ Ke6 23. a4 Rc2 24. Rb4 Rd7 25. f4 a5 26. f5+ Ke5 27. Rbd4 Rxb2 28. Ne3 Rb4 29. Nc4+ Kf6 30. e5+ Kxf5 31. exd6 f6 32. Re1 Rd8 33. Re7 Kg6 34. g3 h5 35. g4 h4 36. Kg2 Kh6 37. Kh3 Rxa4 38. d7 Nc7 39. Kxh4 b5 40. Nd6 g5+ 41. Kg3 1-0

[Event "ChessOrg Schachfestival 2025"]
[Site "Bad Woerishofen Senioren-Open"]
[Date "2025.03.22"]
[Round "2.2"]
[White "Zunker, Reinhard"]
[Black "Kristensen, Leif"]
[Result "0-1"]
[Annotator "wempe"]
[WhiteElo "1995"]
[BlackElo "2310"]
[PlyCount "38"]
[GameId "2237952446988539"]
[EventDate "2025.03.21"]

1. d4 g6 2. c4 Bg7 3. Nc3 d6 4. e4 e5 5. Nf3 exd4 6. Nxd4 Nc6 7. Be3 Nge7 8. Be2 O-O 9. O-O f5 10. exf5 Bxf5 11. Rc1 Nxd4 12. Bxd4 Bh6 13. f4 Nc6 14. g4 Nxd4 15. Qxd4 Be6 16. Qe3 Qd7 17. Qg3 Rad8 18. f5 Bxc1 19. fxe6 Rxf1+ 0-1

[Event "ChessOrg Schachfestival 2025"]
[Site "Bad Woerishofen Senioren-Open"]
[Date "2025.03.22"]
[Round "2.3"]
[White "Schwalb, Manfred"]
[Black "Baum, Bernd"]
[Result "1/2-1/2"]
[Annotator "wempe"]
[WhiteElo "1988"]
[BlackElo "2234"]
[PlyCount "91"]
[GameId "2237956280336676"]
[EventDate "2025.03.21"]

1. e4 c5 2. d3 Nc6 3. g3 g6 4. Bg2 Bg7 5. f4 d6 6. Nf3 e6 7. O-O Nge7 8. c3 O-O 9. Be3 Rb8 10. Na3 b5 11. Nc2 a5 12. d4 cxd4 13. cxd4 d5 14. e5 b4 15. b3 Ba6 16. Rf2 Na7 17. Nce1 Nb5 18. Rc2 Nc3 19. Qd2 Rc8 20. Bf1 Bxf1 21. Kxf1 Rc6 22. Nd3 Nf5 23. Bf2 h5 24. Rac1 Qb6 25. Nc5 Rfc8 26. Qd3 R8c7 27. h3 Bf8 28. Kg2 Bxc5 29. dxc5 Qa6 30. Qxa6 Rxa6 31. g4 hxg4 32. hxg4 Nh6 33. Kh3 Ne4 34. Be3 f5 35. exf6 Rh7 36. Bd4 Nf5+ 37. Kg2 Nh4+ 38. Nxh4 Rxh4 39. Rh1 Rxg4+ 40. Kf3 Rg3+ 41. Ke2 Rg2+ 42. Kd1 Rxc2 43. Kxc2 Rc6 44. Rh8+ Kf7 45. Rh7+ Kf8 46. Rh8+ 1/2-1/2

[Event "ChessOrg Schachfestival 2025"]
[Site "Bad Woerishofen Senioren-Open"]
[Date "2025.03.22"]
[Round "2.4"]
[White "Kindtner, Ulrich"]
[Black "Stern, Robert"]
[Result "1-0"]
[Annotator "wempe"]
[WhiteElo "2157"]
[BlackElo "1988"]
[PlyCount "69"]
[GameId "2237957000417890"]
[EventDate "2025.03.21"]

1. e4 e6 2. d3 c5 3. Nf3 Nc6 4. g3 g6 5. Bg2 Bg7 6. O-O Nge7 7. Re1 e5 8. Nbd2 O-O 9. a4 d6 10. Nc4 h6 11. Be3 Be6 12. Qd2 Kh7 13. c3 Na5 14. Nxa5 Qxa5 15. b4 Qc7 16. d4 b6 17. a5 Rfe8 18. Rec1 Rab8 19. axb6 axb6 20. Ne1 Ra8 21. bxc5 bxc5 22. dxc5 dxc5 23. Nd3 Rxa1 24. Rxa1 Rd8 25. Qc2 Bb3 26. Qxb3 c4 27. Qb4 Rxd3 28. Bf1 Rd7 29. Bxc4 Qd8 30. Bxf7 Nc6 31. Qc4 Qf6 32. Bg8+ Kh8 33. Bd5 Ne7 34. Ra8+ Bf8 35. Bxh6 1-0

[Event "ChessOrg Schachfestival 2025"]
[Site "Bad Woerishofen Senioren-Open"]
[Date "2025.03.22"]
[Round "2.5"]
[White "Wild, Helmut"]
[Black "Luciani, Carlo"]
[Result "0-1"]
[Annotator "wempe"]
[WhiteElo "1980"]
[BlackElo "2149"]
[PlyCount "38"]
[GameId "2238273485975652"]
[EventDate "2025.03.21"]

1. c4 Nf6 2. Nc3 g6 3. g3 Bg7 4. Bg2 O-O 5. b4 e6 6. Bb2 d6 7. d3 e5 8. Qc2 Be6 9. e4 Nc6 10. a3 Qd7 11. Nge2 Bh3 12. O-O Ne7 13. a4 Bxg2 14. Kxg2 Nh5 15. f4 exf4 16. Nxf4 Nxf4+ 17. gxf4 f5 18. h3 a5 19. b5 {nicht rekonstruierbar} Nc6 0-1

[Event "ChessOrg Schachfestival 2025"]
[Site "Bad Woerishofen Senioren-Open"]
[Date "2025.03.22"]
[Round "2.6"]
[White "Stern, Geoffrey"]
[Black "Babrikowski, Peter"]
[Result "0-1"]
[Annotator "wempe"]
[WhiteElo "1979"]
[BlackElo "2123"]
[PlyCount "120"]
[GameId "2238275780755586"]
[EventDate "2025.03.21"]

1. d4 Nf6 2. Nc3 g6 3. e4 d6 4. g3 Bg7 5. Bg2 O-O 6. Nge2 c6 7. a4 e5 8. O-O Be6 9. b3 Na6 10. h3 exd4 11. Nxd4 Qa5 12. Nxe6 fxe6 13. Bd2 Qc5 14. Rc1 d5 15. exd5 exd5 16. Ne2 Rae8 17. Be3 Qe7 18. Nf4 Nc5 19. Bxc5 Qxc5 20. c4 d4 21. Qc2 Bh6 22. Nd3 Qf5 23. Rce1 Nd7 24. g4 Qf7 25. c5 Bg7 26. b4 Ne5 27. Nxe5 Bxe5 28. Re4 Bg7 29. Rfe1 d3 30. Qd2 Rxe4 31. Rxe4 Qd7 32. Re3 Rd8 33. Bf1 Bh6 34. Qa2+ Qf7 35. Qxf7+ Kxf7 36. Rxd3 Rxd3 37. Bxd3 Ke6 38. Bc4+ Ke5 39. b5 Bf8 40. Kf1 Bxc5 41. Ke2 g5 42. Kf3 h6 43. Kg3 Bd6 44. Be2 c5 45. Kf3 Kd4 46. Bd1 Kc3 47. Ke4 Kc4 48. Ke3 Bf4+ 49. Ke4 Bd2 50. Be2+ Kb4 51. Kd3 Be1 52. f3 Kxa4 53. Kc4 Bf2 54. Bd3 Ka5 55. Be4 a6 56. bxa6 b5+ 57. Kb3 Kxa6 58. Bd5 Kb6 59. Kc3 Kc7 60. Kd3 Kd6 0-1

[Event "ChessOrg Schachfestival 2025"]
[Site "Bad Woerishofen Senioren-Open"]
[Date "2025.03.22"]
[Round "2.7"]
[White "McAndrew, Robert"]
[Black "Daeubler, Heinrich"]
[Result "1/2-1/2"]
[Annotator "wempe"]
[WhiteElo "1970"]
[BlackElo "2114"]
[WhiteFideId "-1"]
[WhiteFideId "-1"]
[PlyCount "51"]
[GameId "2239059291226144"]
[EventDate "2025.03.21"]

1. c4 g6 2. g3 Bg7 3. Bg2 Nf6 4. Nc3 O-O 5. d3 d6 6. e4 Nc6 7. Nge2 a6 8. O-O Rb8 9. h3 b5 10. Rb1 e6 11. f4 Bd7 12. b3 Nh5 13. g4 Ng3 14. Nxg3 Bxc3 15. Be3 Bd4 16. Qd2 Qf6 17. Ne2 Qg7 18. Rbc1 e5 19. cxb5 axb5 20. Kh2 Rb7 21. Bxd4 Nxd4 22. Nxd4 exd4 23. e5 Ra7 24. exd6 cxd6 25. Rf2 Qf6 26. Bc6 1/2-1/2

[Event "ChessOrg Schachfestival 2025"]
[Site "Bad Woerishofen Senioren-Open"]
[Date "2025.03.22"]
[Round "2.8"]
[White "Geyer, Bernhard"]
[Black "Lehmann, Edwin"]
[Result "0-1"]
[Annotator "wempe"]
[WhiteElo "2112"]
[BlackElo "1961"]
[WhiteFideId "-1"]
[WhiteFideId "-1"]
[PlyCount "112"]
[GameId "2239708730830916"]
[EventDate "2025.03.21"]

1. e4 d5 2. exd5 Qxd5 3. d4 Nc6 4. Be3 e5 5. Nc3 Bb4 6. a3 Bxc3+ 7. bxc3 Nf6 8. f3 exd4 9. cxd4 Qe6 10. Kf2 Nd5 11. Bc1 Qf6 12. Ne2 O-O 13. c3 Bf5 14. Bd2 Bd3 15. Ng3 Bxf1 16. Ne4 Qh4+ 17. g3 Qh3 18. Qxf1 Qxf1+ 19. Rhxf1 Na5 20. Rfb1 b6 21. Be1 f5 22. Ng5 Rfe8 23. f4 Nc4 24. Nf3 Nf6 25. Ne5 Ne4+ 26. Ke2 Nxe5 27. dxe5 Rad8 28. Rd1 Kf7 29. Ke3 h5 30. h3 g6 31. g4 hxg4 32. hxg4 Rh8 33. Rxd8 Rxd8 34. gxf5 gxf5 35. c4 Rh8 36. Kf3 Rh3+ 37. Kg2 Rd3 38. a4 a5 39. Ra2 Rd4 40. Rc2 Nc5 41. Kg3 Nxa4 42. Bf2 Rd3+ 43. Kh4 Nc3 44. Kg5 Ke6 45. Kg6 a4 46. Be1 Ne4 47. Bh4 Rc3 48. Rg2 Rxc4 49. Kg7 Nc5 50. Rg6+ Kd5 51. Bg5 a3 52. Bh6 a2 53. Rg1 Nb3 54. Kf6 Nc1 55. Rd1+ Kc6 56. e6 a1=Q+ 0-1

[Event "ChessOrg Schachfestival 2025"]
[Site "Bad Woerishofen Senioren-Open"]
[Date "2025.03.22"]
[Round "2.9"]
[White "Van Amerongen-Jansen, Peggy"]
[Black "Chan, Peng Kong"]
[Result "1/2-1/2"]
[Annotator "wempe"]
[WhiteElo "1957"]
[BlackElo "2082"]
[WhiteFideId "-1"]
[WhiteFideId "-1"]
[PlyCount "60"]
[GameId "2239710637920354"]
[EventDate "2025.03.21"]

1. e4 c5 2. Nf3 e6 3. c3 Nf6 4. e5 Nd5 5. g3 Nc6 6. Bg2 d6 7. exd6 Bxd6 8. d4 cxd4 9. Nxd4 O-O 10. O-O Bc5 11. Nb3 Be7 12. Qe2 Qc7 13. c4 Nf6 14. Nc3 a6 15. Be3 Bd7 16. Rac1 Rfd8 17. Rfe1 Be8 18. Bf4 Qb6 19. Be3 Qc7 20. c5 Nb4 21. Bf4 Qc8 22. Bd6 Bxd6 23. cxd6 Bc6 24. Ne4 Nxe4 25. Bxe4 Rxd6 26. a3 Nd5 27. Nd4 Qd8 28. Nxc6 Rxc6 29. Rxc6 bxc6 30. Qc2 Nf6 1/2-1/2

[Event "ChessOrg Schachfestival 2025"]
[Site "Bad Woerishofen Senioren-Open"]
[Date "2025.03.22"]
[Round "2.10"]
[White "Tscharotschkin, Michael"]
[Black "Barten, Ralf"]
[Result "1-0"]
[Annotator "wempe"]
[WhiteElo "2080"]
[BlackElo "1952"]
[WhiteFideId "-1"]
[WhiteFideId "-1"]
[PlyCount "85"]
[GameId "2240094372061315"]
[EventDate "2025.03.21"]

1. d4 Nf6 2. Nf3 d5 3. Bf4 c5 4. e3 Nc6 5. c3 e6 6. Nbd2 Bd6 7. Ne5 O-O 8. Bd3 Qc7 9. Ndf3 Ne4 10. Bg3 cxd4 11. exd4 f6 12. Nxc6 bxc6 13. Qc2 f5 14. Bxd6 Qxd6 15. O-O c5 16. Ne5 Ba6 17. Bxa6 Qxa6 18. f3 Nd6 19. Nd7 Rf7 20. Nxc5 Qc8 21. Rfe1 Re7 22. Nd3 a5 23. Re2 Ra6 24. Rae1 Nf7 25. Nf4 Rd6 26. Qa4 g5 27. Nd3 Qa6 28. Nc5 Qb6 29. b4 axb4 30. cxb4 Ra7 31. Qe8+ Kg7 32. Nxe6+ Rxe6 33. Qxe6 Qxd4+ 34. Kf1 Qd3 35. Qe3 Qxe3 36. Rxe3 Rxa2 37. Rd3 Rb2 38. Rxd5 Rxb4 39. Rxf5 Kg6 40. g4 Rb6 41. Re8 Kg7 42. Re7 Rf6 43. Rxg5+ 1-0

[Event "ChessOrg Schachfestival 2025"]
[Site "Bad Woerishofen Senioren-Open"]
[Date "2025.03.22"]
[Round "2.11"]
[White "Zwick, Hubert"]
[Black "Kierzek, Matthias"]
[Result "0-1"]
[Annotator "wempe"]
[WhiteElo "1939"]
[BlackElo "2078"]
[WhiteFideId "-1"]
[WhiteFideId "-1"]
[PlyCount "86"]
[GameId "2240094978580625"]
[EventDate "2025.03.21"]

1. d4 d5 2. Bg5 f6 3. Bh4 Nh6 4. e3 Nf5 5. Bg3 Nxg3 6. hxg3 Bf5 7. c4 c6 8. Qb3 Qd7 9. Nc3 e6 10. Nf3 g5 11. Be2 Be7 12. Nd2 O-O 13. f4 dxc4 14. Bxc4 b5 15. Be2 Na6 16. a3 Nc7 17. g4 Bg6 18. fxg5 fxg5 19. Nf3 Bf6 20. Rd1 Nd5 21. Nxd5 exd5 22. Qc3 Rac8 23. Nd2 c5 24. Qa5 cxd4 25. Qxb5 Qxb5 26. Bxb5 dxe3 27. Nf3 d4 28. O-O Rc2 29. Nxd4 Bxd4 30. Rxf8+ Kxf8 31. Rxd4 Rxb2 32. Rb4 Ra2 33. Rb3 Ra1+ 34. Kh2 Re1 35. Kg3 Bc2 36. Rb2 Bd1 37. a4 e2 38. a5 Ke7 39. Bd3 Kd6 40. a6 h6 41. Rb6+ axb6 42. a7 Rf1 43. a8=Q e1=Q+ 0-1

[Event "ChessOrg Schachfestival 2025"]
[Site "Bad Woerishofen Senioren-Open"]
[Date "2025.03.22"]
[Round "2.12"]
[White "Siebenhaar, Erich"]
[Black "Gerl, Hans"]
[Result "1-0"]
[Annotator "wempe"]
[WhiteElo "2076"]
[BlackElo "1942"]
[WhiteFideId "-1"]
[WhiteFideId "-1"]
[PlyCount "93"]
[GameId "2240095356862618"]
[EventDate "2025.03.21"]

1. b3 e5 2. Bb2 Nc6 3. e3 Nf6 4. Bb5 d6 5. d4 exd4 6. Qxd4 Bd7 7. Bxc6 Bxc6 8. Nf3 Qd7 9. Nbd2 Qg4 10. O-O Qxd4 11. Nxd4 Bd7 12. e4 O-O-O 13. Rfe1 Re8 14. c4 Be7 15. f3 Bd8 16. Rad1 h5 17. Nf1 h4 18. Ne3 g6 19. Ne2 Rhg8 20. Nf4 Bc6 21. Nfd5 Nxd5 22. Nxd5 Re6 23. Kf1 g5 24. Ne3 Bf6 25. Bxf6 Rxf6 26. h3 Bxe4 27. Ng4 Rf5 28. Rxe4 Ra5 29. Re2 f5 30. Nf6 Rf8 31. Rd5 Rxd5 32. Nxd5 g4 33. Ne7+ Kd7 34. Ng6 Rg8 35. Nxh4 gxh3 36. gxh3 Rg3 37. Rh2 Ke6 38. Kf2 f4 39. Ng2 Ke5 40. h4 c6 41. h5 d5 42. h6 Rg8 43. cxd5 cxd5 44. Rh5+ Kd4 45. h7 Rh8 46. Nxf4 Kc3 47. Ng6 1-0

[Event "ChessOrg Schachfestival 2025"]
[Site "Bad Woerishofen Senioren-Open"]
[Date "2025.03.22"]
[Round "2.13"]
[White "Bauer, Wolfgang"]
[Black "Inhoven, Stefan"]
[Result "0-1"]
[Annotator "wempe"]
[WhiteElo "1931"]
[BlackElo "2072"]
[WhiteFideId "-1"]
[WhiteFideId "-1"]
[PlyCount "56"]
[GameId "2240096106336419"]
[EventDate "2025.03.21"]

1. c4 e6 2. g3 d5 3. Nf3 Nf6 4. Bg2 dxc4 5. Qa4+ Nbd7 6. Ne5 c5 7. Nxd7 Bxd7 8. Qxc4 b5 9. Qc2 Rc8 10. O-O Qb6 11. d3 Bc6 12. Bxc6+ Qxc6 13. a4 a6 14. axb5 axb5 15. Nd2 Bd6 16. Nf3 O-O 17. Bd2 Ra8 18. b4 c4 19. Rfc1 Rxa1 20. Rxa1 Nd5 21. e4 Nxb4 22. Bxb4 Bxb4 23. Rb1 Be7 24. Nd4 Qd7 25. Nxb5 cxd3 26. Qd2 Rb8 27. Nc3 Rxb1+ 28. Nxb1 Qd4 0-1